| 000 | 00741nam a2200241 a 4500 | ||
|---|---|---|---|
| 999 |
_c6595 _d6595 |
||
| 001 | 19709 | ||
| 003 | BD-DhUAP | ||
| 005 | 20210104140238.0 | ||
| 008 | 200206r20131992ii 00| 0 eng d | ||
| 020 | _a9780070589384 | ||
| 020 | _a0070589380 | ||
| 040 |
_aDLC _cDLC _dBD-DhUAP _bEng |
||
| 082 | 0 | 0 |
_223 _a338.5 SAL |
| 100 | _aSalvatore, Dominick. | ||
| 245 |
_aSchaum's outlines of theory and problems of microeconomic theory / _cDominick Salvatore. |
||
| 250 | _a3rd ed. | ||
| 260 |
_aNew Delhi : _bMcGraw Hill Education, _cc1992 [Reprinted 2013]. |
||
| 300 |
_aviii, 364 pages : _billustrations ; _c25 cm. |
||
| 500 | _aIncludes index. | ||
| 650 | _aMicroeconomics. | ||
| 942 |
_2ddc _cBK |
||